[Event "Niedersachsen-ch U16"]
[Site "Rotenburg/Wuemme"]
[Date "2007.04.05"]
[Round "8"]
[White "Vor dem Berge, Manuel"]
[Black "Kaiser, Jonas"]
[Result "1-0"]
[WhiteElo "1287"]
[BlackElo "1518"]
[PlyCount "93"]
[EventDate "2007.03.31"]
[EventType "swiss"]
[EventRounds "9"]
[EventCountry "GER"]
[SourceTitle "EXT 2008"]
[Source "ChessBase"]
[SourceDate "2007.11.25"]
[SourceVersion "1"]
[SourceVersionDate "2007.11.25"]
[SourceQuality "1"]

1. e4 e6 2. d4 d5 3. Nc3 Nf6 4. e5 Nfd7 5. f4 c5 6. Nf3 Nc6 7. Be3 Qb6 8. Na4 Qa5+ 9. c3 cxd4 10. Nxd4 Nxd4 11. Bxd4 b5 12. b4 Qxa4 13. Qxa4 bxa4 14. Bb5 Be7 15. Bc6 Rb8 16. Bxa7 0-0 17. Bxb8 Nxb8 18. Bxa4 d4 19. cxd4 Bxb4+ 20. Kf2 Bc3 21. Rad1 Rd8 22. Ke3 Bb7 23. Rhg1 Nc6 24. Bxc6 Bxc6 25. g3 Kf8 26. Rd3 Ba5 27. Rb1 Bd5 28. a4 Bc4 29. Rdd1 Ba6 30. Rdc1 Ke7 31. Ke4 Rd5 32. Rc5 Kd7 33. Rxd5+ exd5+ 34. Kxd5 Kc7 35. Ke4 g6 36. g4 h5 37. gxh5 gxh5 38. f5 h4 39. d5 Kd7 40. Kf4 Bd2+ 41. Kg4 Bd3 42. Rb7+ Ke8 43. d6 Be2+ 44. Kxh4 Be1+ 45. Kg5 Bd2+ 46. Kf6 Bh5 47. Re7+ 1-0